Entwurf zum Flächennutzungsplan Friedrichshafen /

I tiakina i:
Ngā taipitopito rārangi puna kōrero
Hōputu: Pukapuka
Reo:German
I whakaputaina: Friedrichshafen, Alemania : editorial no identificada, 1969
Ngā Tūtohu: Tāpirihia he Tūtohu
Kāore He Tūtohu, Me noho koe te mea tuatahi ki te tūtohu i tēnei pūkete!

MARC

LEADER 00000nam^a2200000^a^4500
001 000554930
005 20250526000000.0
009 20260310131709.066
037 |a Acervo ITESO - Biblioteca 
041 |a ALE 
091 |a FHA. 00766 
245 0 0 |a Entwurf zum Flächennutzungsplan Friedrichshafen / 
264 1 |a Friedrichshafen, Alemania :  |b editorial no identificada,  |c 1969 
300 |a 34 p. +  |e 1 mapa ;  |c 29.5 cm. 
336 |a texto  |b txt  |2 rdacontenido 
337 |a sin mediación  |b n  |2 rdamedio 
338 |a volumen  |b nc  |2 rdasoporte 
515 |a Inventario familia Hartung: 998 
649 |a XX 
910 |a Fondo Horst Hartung Franz 
920 |a Impresos - Libros 
930 |a Libros Antiguos y Raros 
905 |a 135 
901 |a 0500331746  |b IT2  |c LRA  |i D  |u 20250526 
901 |a 0500331743  |b IT2  |c LRA  |i D  |u 20250526 
902 |a https://opac.biblio.iteso.mx/vufind/Record/000554930